000 01094nam a22002777a 4500
001 BD-DhSAU 9278
003 BD-DhSAU
005 20221218151418.0
008 150613b2018 bg a|||| m||| 00| 0 eng d
040 _aBD-DhSAU
082 _222
_a635
_bB3946
100 _aBEGUM, MOST. ATIKA
_eRegistration No. # 18-09266
245 _aPerformance of maize straw as substrates for oyster mushroom cultivation /
_bMS thesis
260 _aSher-e-Bangla Agricultural University :
_bDepartment of Horticulture,
_c2020
300 _aviii, 66p. :
_bill. ;
_c30 cm.
500 _aMS thesis of Department of Horticulture, Faculty of Agriculture, Sher-e-Bangla Agricultural University, Dhaka, Bangladesh
504 _aIncludes bibliographical reference.
590 _aNazmul
650 _amaize straw
650 _asubstrates
651 _aoyster mushroom cultivation
700 _aProf. Md. Hasanuzzaman Akand
_eSuperviser
700 _aDr. Akhter Jahan Kakon
_eCo-superviser
856 _uhttp://archive.saulibrary.edu.bd:8080/xmlui/handle/123456789/4636
942 _2ddc
_cTHESIS
999 _c16424
_d16423